PC world.com

Bibliographic Details
Format: Electronic Journal
Language:English
Published: San Francisco, California : PC World Communications
Subjects:
Online Access:Full text available from Research Library: 12/01/1997 to 08/31/2006

MARC

LEADER 00000nas a2200000 i 4500
001 ssj0001096969
003 WaSeSS
005 20200512172242.0
006 m d
007 cr n
008 140102u19uuuuuucaud| p|s|||||| |0eng d
035 |a (WaSeSS)ssj0001096969 
040 |a WaSeSS  |b eng  |c WaSeSS  |d WaSeSS 
050 1 4 |a QA75.5 
245 0 0 |a PC world.com  |h [electronic resource]. 
246 1 |a Personal computers world dot com 
260 |a San Francisco, California :  |b PC World Communications 
310 |a Daily 
506 |a License restrictions may limit access. 
588 |a Description based on: December 1, 1997; title from title screen (ProQuest, viewed Dec. 27, 2013). 
588 |a Latest issue consulted: August 31, 2006 (viewed Dec. 27, 2013). 
650 0 |a Microcomputers  |v Periodicals. 
650 0 |a IBM Personal Computer  |v Periodicals. 
655 0 |a Electronic journals. 
856 4 0 |z Full text available from Research Library: 12/01/1997 to 08/31/2006  |u https://search.proquest.com/publication/26701